000 00607nam a22002057i 4500
999 _c22867
_d22867
003 AR-CdUCM
008 240507b20212021 pe||||| |||| 00| 0 spa d
020 _a987-612-48684-0-5
040 _aMUNICIPALIDAD PROVINCIAL DEL CUSCO
_cBIBLIOTECA MUNICIPAL DEL CUSCO
082 _a869.57 / B17C
_bB17C
100 _aBalarino, Moria.
_949707
245 _aCirculares /
260 _aArequipa:
_bDeshuesadero,
_c2021
300 _a45 páginas. :
_c20 cm.
650 _aAnudamiento
_949708
650 _aEpifanía
_949709
650 _aPuntos cardinales
_949710
942 _2ddc
_cLIBROS
945 _apbj
_d2024-05-07